[Event "Winnipeg TNT October op"]
[Site "Winnipeg CAN"]
[Date "2008.10.07"]
[Round "1"]
[White "Swift, Ryne"]
[Black "Bince, Rolando"]
[Result "0-1"]
[WhiteElo "1472"]
[BlackElo "1988"]
[PlyCount "124"]
[GameId "2160767910311371"]
[EventDate "2008.10.07"]
[EventType "swiss"]
[EventRounds "4"]
[EventCountry "CAN"]
[SourceTitle "EXT 2011"]
[Source "ChessBase"]
[SourceDate "2011.11.26"]
[SourceVersion "1"]
[SourceVersionDate "2011.11.26"]
[SourceQuality "1"]

1. e4 c6 2. d4 d5 3. exd5 Qxd5 4. Nc3 Qa5 5. Nf3 Bg4 6. Be2 Nf6 7. Bf4 e6 8. O-O Nbd7 9. Qd2 Bb4 10. a3 Bxc3 11. Qxc3 Qxc3 12. bxc3 Ne4 13. c4 Nc3 14. Bd3 Bxf3 15. gxf3 Na4 16. Rab1 b6 17. Rb4 Nc3 18. Bd2 a5 19. Rb3 Na4 20. c3 b5 21. cxb5 c5 22. Be4 c4 23. Rbb1 O-O-O 24. Bc2 Nab6 25. Kh1 Nf6 26. Be4 Nfd5 27. Bc2 h6 28. f4 g6 29. Rfe1 Kd7 30. Re2 Kd6 31. Rbe1 a4 32. Be4 Rb8 33. Rb1 f5 34. Bxd5 Nxd5 35. Rbe1 Rhe8 36. Rb1 Rb6 37. f3 Ke7 38. Rb4 Nxb4 39. cxb4 Rxb5 40. Bc3 Rd5 41. h4 Kf6 42. Rg2 Rg8 43. Kh2 Kf7 44. Kh3 Rgd8 45. Rd2 g5 46. hxg5 hxg5 47. fxg5 e5 48. g6+ Kg7 49. dxe5 Rxd2 50. e6+ Kxg6 51. e7 R2d3 52. exd8=Q Rxd8 53. Kg3 Rd3 54. Be5 Rxa3 55. b5 Rb3 56. Kf2 Rxb5 57. Ba1 a3 58. Ke3 Rb1 59. Bc3 a2 60. Kd4 a1=Q 61. Bxa1 Rxa1 62. Kxc4 Rd1 0-1

[Event "Winnipeg TNT October op"]
[Site "Winnipeg CAN"]
[Date "2008.10.07"]
[Round "1"]
[White "Wierda, John"]
[Black "Gibbons, Lorne"]
[Result "1-0"]
[WhiteElo "1712"]
[BlackElo "1202"]
[PlyCount "39"]
[GameId "2160767910311372"]
[EventDate "2008.10.07"]
[EventType "swiss"]
[EventRounds "4"]
[EventCountry "CAN"]
[SourceTitle "EXT 2011"]
[Source "ChessBase"]
[SourceDate "2011.11.26"]
[SourceVersion "1"]
[SourceVersionDate "2011.11.26"]
[SourceQuality "1"]

1. Nf3 Nc6 2. g3 e5 3. d3 d5 4. Bg2 Nf6 5. O-O h6 6. Nc3 Bb4 7. Bd2 O-O 8. a3 Ba5 9. b4 Bb6 10. Na4 Be6 11. Nxb6 axb6 12. b5 e4 13. bxc6 exf3 14. Bxf3 bxc6 15. c4 Qe7 16. Bb4 c5 17. Bc3 Qd6 18. Qc1 Rad8 19. Bxf6 gxf6 20. Qxh6 1-0

[Event "Winnipeg TNT October op"]
[Site "Winnipeg CAN"]
[Date "2008.10.14"]
[Round "2"]
[White "Bince, Rolando"]
[Black "Green, Aaron"]
[Result "1-0"]
[WhiteElo "1988"]
[BlackElo "1753"]
[PlyCount "65"]
[GameId "2160767910311373"]
[EventDate "2008.10.07"]
[EventType "swiss"]
[EventRounds "4"]
[EventCountry "CAN"]
[SourceTitle "EXT 2011"]
[Source "ChessBase"]
[SourceDate "2011.11.26"]
[SourceVersion "1"]
[SourceVersionDate "2011.11.26"]
[SourceQuality "1"]

1. e4 c5 2. Nf3 d6 3. d4 cxd4 4. Nxd4 Nf6 5. Nc3 g6 6. Bc4 Bg7 7. f3 O-O 8. Be3 Nc6 9. Qd2 Bd7 10. O-O Rc8 11. Nxc6 Bxc6 12. Bb3 a6 13. Rad1 b5 14. Nd5 Bxd5 15. exd5 Nd7 16. Bh6 Qb6+ 17. Be3 Qc7 18. c3 Ne5 19. Rfe1 Rfe8 20. Bd4 Nc4 21. Qf2 Bxd4 22. Rxd4 Na5 23. Bc2 e5 24. dxe6 Rxe6 25. Rxe6 fxe6 26. Qg3 d5 27. Qg5 Qf7 28. Rf4 Qg7 29. Rf6 Re8 30. h4 Nc4 31. Bxg6 h6 32. Bf7+ Kh8 33. Rxh6+ 1-0

[Event "Winnipeg TNT October op"]
[Site "Winnipeg CAN"]
[Date "2008.10.14"]
[Round "2"]
[White "Evans, Brian"]
[Black "Prince, Colin"]
[Result "0-1"]
[WhiteElo "1515"]
[BlackElo "1944"]
[PlyCount "26"]
[GameId "2160767910311374"]
[EventDate "2008.10.07"]
[EventType "swiss"]
[EventRounds "4"]
[EventCountry "CAN"]
[SourceTitle "EXT 2011"]
[Source "ChessBase"]
[SourceDate "2011.11.26"]
[SourceVersion "1"]
[SourceVersionDate "2011.11.26"]
[SourceQuality "1"]

1. e4 e5 2. Nf3 Nc6 3. Bb5 a6 4. Ba4 Nf6 5. O-O Be7 6. c3 O-O 7. Re1 b5 8. Bc2 d5 9. exd5 Nxd5 10. Nxe5 Nxe5 11. Rxe5 Nf6 12. Qf3 Bg4 13. Qg3 Bd6 0-1

[Event "Winnipeg TNT October op"]
[Site "Winnipeg CAN"]
[Date "2008.10.14"]
[Round "2"]
[White "Gibbons, Lorne"]
[Black "Daase, Jason"]
[Result "1-0"]
[WhiteElo "1202"]
[BlackElo "1238"]
[PlyCount "41"]
[GameId "2160767910311375"]
[EventDate "2008.10.07"]
[EventType "swiss"]
[EventRounds "4"]
[EventCountry "CAN"]
[SourceTitle "EXT 2011"]
[Source "ChessBase"]
[SourceDate "2011.11.26"]
[SourceVersion "1"]
[SourceVersionDate "2011.11.26"]
[SourceQuality "1"]

1. d4 Nf6 2. c4 e6 3. a3 Nc6 4. Nc3 g6 5. Bf4 d6 6. e4 Bg7 7. Nf3 O-O 8. e5 Nh5 9. Bg5 Qd7 10. g4 f6 11. gxh5 fxg5 12. exd6 Rxf3 13. Qxf3 Nxd4 14. Qd1 e5 15. hxg6 cxd6 16. gxh7+ Kxh7 17. Bd3+ Kh6 18. h4 Nf3+ 19. Qxf3 Qc6 20. hxg5+ Kxg5 21. Rh5# 1-0

[Event "Winnipeg TNT October op"]
[Site "Winnipeg CAN"]
[Date "2008.10.14"]
[Round "2"]
[White "Gibson, Fred"]
[Black "Swift, Ryne"]
[Result "0-1"]
[WhiteElo "1320"]
[BlackElo "1472"]
[PlyCount "48"]
[GameId "2160767910311376"]
[EventDate "2008.10.07"]
[EventType "swiss"]
[EventRounds "4"]
[EventCountry "CAN"]
[SourceTitle "EXT 2011"]
[Source "ChessBase"]
[SourceDate "2011.11.26"]
[SourceVersion "1"]
[SourceVersionDate "2011.11.26"]
[SourceQuality "1"]

1. e4 e5 2. Nf3 Nc6 3. Bb5 a6 4. Bxc6 dxc6 5. h3 f6 6. O-O Bc5 7. c3 Ne7 8. d4 exd4 9. cxd4 Bb6 10. b3 O-O 11. Bb2 Ng6 12. Qd2 Re8 13. Nc3 Be6 14. Rad1 Qd7 15. Kh2 Rad8 16. Na4 Ba7 17. Nc5 Qd6+ 18. g3 Bxc5 19. dxc5 Qxd2 20. Nxd2 Rd3 21. Bc1 Red8 22. Rfe1 Ne5 23. Kg2 Nf3 24. Re2 Bxh3+ 0-1

[Event "Winnipeg TNT October op"]
[Site "Winnipeg CAN"]
[Date "2008.10.14"]
[Round "2"]
[White "Green, Jim"]
[Black "Kernetsky, Myron"]
[Result "1/2-1/2"]
[WhiteElo "1738"]
[BlackElo "1945"]
[PlyCount "119"]
[GameId "2160767910311377"]
[EventDate "2008.10.07"]
[EventType "swiss"]
[EventRounds "4"]
[EventCountry "CAN"]
[SourceTitle "EXT 2011"]
[Source "ChessBase"]
[SourceDate "2011.11.26"]
[SourceVersion "1"]
[SourceVersionDate "2011.11.26"]
[SourceQuality "1"]

1. e4 e6 2. d3 d5 3. Nd2 Nf6 4. Ngf3 b6 5. g3 dxe4 6. dxe4 Be7 7. Bg2 Bb7 8. Qe2 O-O 9. O-O a5 10. Rd1 Qc8 11. c4 Nc6 12. b3 Rd8 13. a3 Nd7 14. Bb2 Nc5 15. Rab1 Nd3 16. a4 Nxb2 17. Rxb2 Qd7 18. Rbb1 Qd6 19. e5 Qb4 20. Nf1 Rxd1 21. Qxd1 Rd8 22. Qc2 Nd4 23. Nxd4 Bxg2 24. Kxg2 Rxd4 25. Rd1 Qc5 26. Rxd4 Qxd4 27. Qe2 h6 28. Kf3 Bc5 29. Nd2 Qb2 30. h4 Bb4 31. Ke3 Qxe5+ 32. Kf3 Qb2 33. Ke3 Bxd2+ 34. Qxd2 Qxb3+ 35. Qd3 Qxd3+ 36. Kxd3 Kf8 37. c5 Ke7 38. Kc4 Kd7 39. Kb5 bxc5 40. Kxc5 c6 41. Kb6 g5 42. Kxa5 Kc7 43. Kb4 gxh4 44. gxh4 Kb6 45. a5+ Ka6 46. Kc5 Kxa5 47. Kxc6 Kb4 48. Kd6 Kc3 49. Ke5 Kd3 50. Kf6 Ke2 51. f4 Kf3 52. Kxf7 Kxf4 53. Kxe6 Kg4 54. Ke5 h5 55. Ke4 Kg3 56. Ke3 Kg4 57. Kf2 Kxh4 58. Kg2 Kg5 59. Kh2 h4 60. Kg2 1/2-1/2

[Event "Winnipeg TNT October op"]
[Site "Winnipeg CAN"]
[Date "2008.10.14"]
[Round "2"]
[White "Lauritson, Jim"]
[Black "Wierda, John"]
[Result "1-0"]
[WhiteElo "1926"]
[BlackElo "1712"]
[PlyCount "69"]
[GameId "2160767910311378"]
[EventDate "2008.10.07"]
[EventType "swiss"]
[EventRounds "4"]
[EventCountry "CAN"]
[SourceTitle "EXT 2011"]
[Source "ChessBase"]
[SourceDate "2011.11.26"]
[SourceVersion "1"]
[SourceVersionDate "2011.11.26"]
[SourceQuality "1"]

1. d4 Nf6 2. c4 c5 3. d5 g6 4. Nc3 d6 5. e4 Bg7 6. Nf3 O-O 7. Be2 Na6 8. O-O Bd7 9. Bg5 Nc7 10. Re1 a6 11. a4 e6 12. dxe6 Bxe6 13. Bf4 Nce8 14. h3 Qb6 15. Qc2 Rd8 16. Rad1 Nc7 17. Rd2 Nh5 18. Bg5 Rd7 19. Red1 Qc6 20. g4 Nf6 21. e5 Nfe8 22. exd6 Nxd6 23. Be7 Rxe7 24. Rxd6 Qe8 25. Qd3 Qb8 26. Ne4 b5 27. cxb5 axb5 28. Rd8 Rxd8 29. Qxd8+ Re8 30. Qxb8 Rxb8 31. axb5 Bxb2 32. Nxc5 Bd5 33. Nd7 Rb7 34. b6 Ne8 35. Rxd5 1-0

[Event "Winnipeg TNT October op"]
[Site "Winnipeg CAN"]
[Date "2008.10.21"]
[Round "3"]
[White "Daase, Jason"]
[Black "Mandusic, Ante"]
[Result "1-0"]
[WhiteElo "1238"]
[BlackElo "1234"]
[PlyCount "139"]
[GameId "2160767910311379"]
[EventDate "2008.10.07"]
[EventType "swiss"]
[EventRounds "4"]
[EventCountry "CAN"]
[SourceTitle "EXT 2011"]
[Source "ChessBase"]
[SourceDate "2011.11.26"]
[SourceVersion "1"]
[SourceVersionDate "2011.11.26"]
[SourceQuality "1"]

1. e4 e5 2. Nf3 Nc6 3. Bb5 d6 4. d4 Bd7 5. d5 Nb8 6. Bxd7+ Nxd7 7. c4 Ngf6 8. Bg5 h6 9. Bh4 Qb8 10. Nc3 g6 11. Qa4 Bg7 12. O-O Qc8 13. Rfe1 O-O 14. b4 Nb6 15. Qb3 a5 16. c5 a4 17. Qc2 Nc4 18. Nb5 c6 19. Qxc4 cxb5 20. Qxb5 Rd8 21. Rac1 Qb8 22. c6 Ra7 23. c7 Qa8 24. cxd8=Q+ Qxd8 25. Bxf6 Bxf6 26. Rc2 b6 27. Rec1 Ra8 28. h3 Kg7 29. Kh2 g5 30. Rc7 Qh8 31. Qxb6 Qh7 32. Nd2 Bd8 33. Qb7 Bxc7 34. Qxa8 Bb6 35. Rc6 Bxf2 36. Rxd6 h5 37. Qe8 g4 38. Rd7 g3+ 39. Kh1 Kg6 40. Qe6+ Kg7 41. Qxf7+ Kh6 42. Qxh7+ Kg5 43. Nf3+ Kf4 44. Rf7+ Ke3 45. Qh6+ Kxe4 46. Qf4+ exf4 47. d6 Bb6 48. d7 Kd3 49. Ne5+ Kc3 50. Nc6 Kb2 51. d8=Q Bxd8 52. Nxd8 a3 53. Rxf4 Kxa2 54. Rf1 Kb2 55. b5 a2 56. b6 a1=Q 57. Rxa1 Kxa1 58. b7 Kb1 59. b8=Q+ Kc2 60. Qxg3 Kd2 61. Qg5+ Ke1 62. Qxh5 Kf2 63. Kh2 Kf1 64. Qf3+ Ke1 65. h4 Kd2 66. h5 Ke1 67. h6 Kd2 68. h7 Ke1 69. h8=Q Kd2 70. Qhc3# 1-0

[Event "Winnipeg TNT October op"]
[Site "Winnipeg CAN"]
[Date "2008.10.21"]
[Round "3"]
[White "Green, Aaron"]
[Black "Evans, Brian"]
[Result "1/2-1/2"]
[WhiteElo "1753"]
[BlackElo "1515"]
[PlyCount "121"]
[GameId "2160767910311380"]
[EventDate "2008.10.07"]
[EventType "swiss"]
[EventRounds "4"]
[EventCountry "CAN"]
[SourceTitle "EXT 2011"]
[Source "ChessBase"]
[SourceDate "2011.11.26"]
[SourceVersion "1"]
[SourceVersionDate "2011.11.26"]
[SourceQuality "1"]

1. e4 c5 2. Nf3 d6 3. d4 cxd4 4. Nxd4 Nf6 5. Nc3 a6 6. Be2 e6 7. Be3 Be7 8. O-O O-O 9. Qd2 Qc7 10. f4 b5 11. a3 Bb7 12. Bf3 Nc6 13. Nb3 Rac8 14. Qf2 Nd7 15. g4 Bf6 16. Bd4 Nxd4 17. Nxd4 Bxd4 18. Qxd4 Qc5 19. Rad1 Nb6 20. Qxc5 dxc5 21. b3 Rfd8 22. Ne2 f5 23. gxf5 exf5 24. Ng3 fxe4 25. Bxe4 Bxe4 26. Nxe4 Rd5 27. Kf2 Rcd8 28. Nc3 Rxd1 29. Rxd1 Rxd1 30. Nxd1 Nd5 31. Kf3 Kf7 32. c4 bxc4 33. bxc4 Nb6 34. Nb2 Kf6 35. a4 a5 36. h3 Kf5 37. Ke3 g5 38. fxg5 Kxg5 39. Kf3 Kh4 40. Kg2 h5 41. Kh2 Kg5 42. Kg3 Kf5 43. Kf3 Ke5 44. Ke3 Kf5 45. Kf3 Kg5 46. Kg3 h4+ 47. Kf2 Kf5 48. Kf3 Ke5 49. Ke3 Kf5 50. Kf3 Ke5 51. Ke3 Kf5 52. Kf3 Ke5 53. Kg4 Kd4 54. Kxh4 Nxc4 55. Nxc4 Kxc4 56. Kg4 Kb4 57. h4 c4 58. h5 c3 59. h6 c2 60. h7 c1=Q 61. h8=Q 1/2-1/2

[Event "Winnipeg TNT October op"]
[Site "Winnipeg CAN"]
[Date "2008.10.21"]
[Round "3"]
[White "Green, Leah"]
[Black "Gibson, Fred"]
[Result "1-0"]
[WhiteElo "1168"]
[BlackElo "1320"]
[PlyCount "35"]
[GameId "2160767910311381"]
[EventDate "2008.10.07"]
[EventType "swiss"]
[EventRounds "4"]
[EventCountry "CAN"]
[SourceTitle "EXT 2011"]
[Source "ChessBase"]
[SourceDate "2011.11.26"]
[SourceVersion "1"]
[SourceVersionDate "2011.11.26"]
[SourceQuality "1"]

1. e4 g6 2. Nf3 Bg7 3. d4 d6 4. d5 Nf6 5. Nc3 O-O 6. Bg5 h6 7. Bh4 Nh5 8. Qd2 f6 9. Bg3 Nxg3 10. hxg3 h5 11. O-O-O Bg4 12. Kb1 Nd7 13. Be2 a6 14. a3 b5 15. Nh4 Bxe2 16. Qxe2 Ne5 17. f4 Nc4 18. Nxg6 1-0

[Event "Winnipeg TNT October op"]
[Site "Winnipeg CAN"]
[Date "2008.10.21"]
[Round "3"]
[White "Kernetsky, Myron"]
[Black "Prince, Colin"]
[Result "1-0"]
[WhiteElo "1945"]
[BlackElo "1944"]
[PlyCount "55"]
[GameId "2160767910311382"]
[EventDate "2008.10.07"]
[EventType "swiss"]
[EventRounds "4"]
[EventCountry "CAN"]
[SourceTitle "EXT 2011"]
[Source "ChessBase"]
[SourceDate "2011.11.26"]
[SourceVersion "1"]
[SourceVersionDate "2011.11.26"]
[SourceQuality "1"]

1. d4 Nf6 2. c4 g6 3. Nc3 Bg7 4. e4 O-O 5. Nf3 d6 6. h3 c5 7. d5 e6 8. Bd3 Na6 9. O-O Nc7 10. a4 a6 11. Bg5 h6 12. Bf4 Nce8 13. Qd2 Kh7 14. e5 Nh5 15. Bh2 dxe5 16. Nxe5 Qg5 17. f4 Qh4 18. Qe3 b6 19. Nf3 Qd8 20. Rad1 exd5 21. cxd5 Nd6 22. g4 Nf6 23. Ne5 Nd7 24. Qg3 f5 25. gxf5 Nxe5 26. fxg6+ Nxg6 27. Qxg6+ Kh8 28. Qh7# 1-0

[Event "Winnipeg TNT October op"]
[Site "Winnipeg CAN"]
[Date "2008.10.21"]
[Round "3"]
[White "Lauritson, Jim"]
[Black "Bince, Rolando"]
[Result "0-1"]
[WhiteElo "1926"]
[BlackElo "1988"]
[PlyCount "120"]
[GameId "2160767910311383"]
[EventDate "2008.10.07"]
[EventType "swiss"]
[EventRounds "4"]
[EventCountry "CAN"]
[SourceTitle "EXT 2011"]
[Source "ChessBase"]
[SourceDate "2011.11.26"]
[SourceVersion "1"]
[SourceVersionDate "2011.11.26"]
[SourceQuality "1"]

1. d4 Nf6 2. c4 g6 3. Nc3 d5 4. Bf4 Bg7 5. Nf3 c6 6. e3 Ne4 7. Qb3 O-O 8. cxd5 Nxc3 9. bxc3 cxd5 10. Bd3 b6 11. O-O Nc6 12. Rac1 Na5 13. Qb4 Bb7 14. Nd2 Rc8 15. f3 e6 16. Bd6 Re8 17. c4 Rc6 18. c5 a6 19. Bc2 Rxd6 20. cxd6 Bf8 21. Rb1 b5 22. a4 Bxd6 23. Qb2 b4 24. Bd3 Qb6 25. f4 Bc6 26. Qa2 Rb8 27. Bc2 Qa7 28. Bb3 Qd7 29. Ra1 Qa7 30. Nf3 Kg7 31. Ne5 Be8 32. Rfc1 Qa8 33. Rc2 f6 34. Nd3 Bd7 35. Nc5 Bc8 36. Rac1 Nb7 37. Nxa6 Qxa6 38. Rxc8 Qd3 39. Kf2 Rxc8 40. Rxc8 Na5 41. Bc2 b3 42. Bxb3 Nxb3 43. Qc2 Qxc2+ 44. Rxc2 Na5 45. Rb2 Bc7 46. Rb5 Kf7 47. Rc5 Bd8 48. Rc8 Ke7 49. Ra8 Kd7 50. Ra7+ Bc7 51. Ra8 Nc6 52. Rh8 h5 53. Rg8 Ne7 54. Ra8 Nc8 55. g3 Bb6 56. a5 Ba7 57. h3 Kc7 58. a6 Bb8 59. g4 hxg4 60. hxg4 Nb6 0-1

[Event "Winnipeg TNT October op"]
[Site "Winnipeg CAN"]
[Date "2008.10.21"]
[Round "3"]
[White "Swift, Ryne"]
[Black "Green, Jim"]
[Result "0-1"]
[WhiteElo "1472"]
[BlackElo "1738"]
[PlyCount "70"]
[GameId "2160767910311384"]
[EventDate "2008.10.07"]
[EventType "swiss"]
[EventRounds "4"]
[EventCountry "CAN"]
[SourceTitle "EXT 2011"]
[Source "ChessBase"]
[SourceDate "2011.11.26"]
[SourceVersion "1"]
[SourceVersionDate "2011.11.26"]
[SourceQuality "1"]

1. e4 d6 2. d4 Nf6 3. Nc3 c6 4. Nf3 Bg4 5. h3 Bh5 6. Be2 e6 7. Bf4 Nbd7 8. Qd2 Be7 9. O-O O-O 10. Rad1 b5 11. a3 a5 12. b4 axb4 13. axb4 Bg6 14. Bd3 Qc7 15. Rfe1 e5 16. dxe5 dxe5 17. Bg5 Rfd8 18. Rb1 Nb6 19. Qe3 Nbd7 20. Qe2 Nf8 21. Nh4 Ne6 22. Be3 Ra3 23. Nxg6 hxg6 24. Nd1 Nd4 25. Bxd4 exd4 26. Qd2 Bd6 27. Qe2 Re8 28. Rf1 Ra4 29. Qe1 Nh5 30. Rb3 Nf4 31. Nb2 Ra2 32. Qb1 Rea8 33. Rd1 Qe7 34. Qc1 Qg5 35. Bf1 Nxh3+ 0-1

[Event "Winnipeg TNT October op"]
[Site "Winnipeg CAN"]
[Date "2008.10.21"]
[Round "3"]
[White "Wierda, John"]
[Black "Ott, Richard"]
[Result "1-0"]
[WhiteElo "1712"]
[BlackElo "1450"]
[PlyCount "67"]
[GameId "2160767910311385"]
[EventDate "2008.10.07"]
[EventType "swiss"]
[EventRounds "4"]
[EventCountry "CAN"]
[SourceTitle "EXT 2011"]
[Source "ChessBase"]
[SourceDate "2011.11.26"]
[SourceVersion "1"]
[SourceVersionDate "2011.11.26"]
[SourceQuality "1"]

1. Nf3 c5 2. g3 g6 3. Bg2 Bg7 4. d3 e6 5. O-O Ne7 6. Nc3 O-O 7. Be3 Na6 8. Qd2 d5 9. Bh6 Bxh6 10. Qxh6 Nf5 11. Qd2 Bd7 12. Ne5 Bc6 13. Nxc6 bxc6 14. e4 Nd4 15. Na4 Qd6 16. c3 Nb5 17. f4 dxe4 18. Bxe4 Rad8 19. Rad1 Nb8 20. Qf2 f5 21. Bf3 Nd7 22. Rfe1 Nc7 23. d4 Nf6 24. Nxc5 Rb8 25. Qg2 Nfd5 26. Re5 Nf6 27. Rde1 Rfe8 28. Bxc6 Re7 29. Nb7 Rxb7 30. Bxb7 Ng4 31. R5e2 Nb5 32. Rxe6 Rxe6 33. Rxe6 Qxe6 34. Bd5 1-0

[Event "Winnipeg TNT October op"]
[Site "Winnipeg CAN"]
[Date "2008.10.28"]
[Round "4"]
[White "Bince, Rolando"]
[Black "Kernetsky, Myron"]
[Result "1-0"]
[WhiteElo "1988"]
[BlackElo "1945"]
[PlyCount "73"]
[GameId "2160767910311386"]
[EventDate "2008.10.07"]
[EventType "swiss"]
[EventRounds "4"]
[EventCountry "CAN"]
[SourceTitle "EXT 2011"]
[Source "ChessBase"]
[SourceDate "2011.11.26"]
[SourceVersion "1"]
[SourceVersionDate "2011.11.26"]
[SourceQuality "1"]

1. e4 e6 2. d4 d5 3. Nc3 Nf6 4. e5 Nfd7 5. f4 c5 6. Nf3 Nc6 7. Be3 a6 8. a3 Be7 9. h4 h6 10. Rh3 cxd4 11. Nxd4 Qc7 12. Qg4 Rg8 13. O-O-O Nf8 14. Nb3 Nd7 15. Bd3 Bf8 16. Bh7 Rh8 17. Bd3 b6 18. Nd4 Nc5 19. Nxc6 Qxc6 20. Bd4 Bd7 21. Qe2 b5 22. f5 Kd8 23. Bxc5 Bxc5 24. Qg4 Bf8 25. Ne2 Rb8 26. Nd4 Qb6 27. fxe6 fxe6 28. Bg6 Bc5 29. Rf3 b4 30. axb4 Bxb4 31. Rb3 Qa5 32. Kb1 Rb6 33. Bf7 Bc5 34. Nxe6+ Bxe6 35. Bxe6 d4 36. Qxg7 Rxe6 37. Rb8# 1-0

[Event "Winnipeg TNT October op"]
[Site "Winnipeg CAN"]
[Date "2008.10.28"]
[Round "4"]
[White "Evans, Brian"]
[Black "Wierda, John"]
[Result "0-1"]
[WhiteElo "1515"]
[BlackElo "1712"]
[PlyCount "92"]
[GameId "2160767910311387"]
[EventDate "2008.10.07"]
[EventType "swiss"]
[EventRounds "4"]
[EventCountry "CAN"]
[SourceTitle "EXT 2011"]
[Source "ChessBase"]
[SourceDate "2011.11.26"]
[SourceVersion "1"]
[SourceVersionDate "2011.11.26"]
[SourceQuality "1"]

1. e4 e6 2. d4 d5 3. Nc3 Bb4 4. e5 c5 5. a3 cxd4 6. Qxd4 Nc6 7. Bb5 Bd7 8. Bxc6 Bxc3+ 9. Qxc3 Bxc6 10. Qg3 Kf8 11. Bd2 a5 12. b4 b6 13. Ne2 Ne7 14. Nd4 Bd7 15. bxa5 bxa5 16. O-O Ng6 17. f4 Ne7 18. Qc3 Qb6 19. Rfb1 Qa7 20. Be3 Rc8 21. Qxc8+ Nxc8 22. Nxe6+ Bxe6 23. Bxa7 Nxa7 24. Rb8+ Nc8 25. Rab1 Ke7 26. R1b7+ Bd7 27. Ra8 a4 28. Rxa4 Rd8 29. f5 g6 30. fxg6 hxg6 31. Rd4 Ke6 32. a4 Kxe5 33. c3 Nd6 34. Rc7 Be6 35. Rb4 Ra8 36. Rc5 Kf6 37. Rc6 Nc4 38. Kf2 Ke7 39. Rc7+ Kd8 40. Rcb7 Kc8 41. Kf3 Nd6 42. R7b6 Kc7 43. Kf4 Ne4 44. R6b5 Kc6 45. c4 Nc3 46. cxd5+ Nxd5+ 0-1

[Event "Winnipeg TNT October op"]
[Site "Winnipeg CAN"]
[Date "2008.10.28"]
[Round "4"]
[White "Gibson, Fred"]
[Black "Gibbons, Lorne"]
[Result "0-1"]
[WhiteElo "1320"]
[BlackElo "1202"]
[PlyCount "84"]
[GameId "2160767910311388"]
[EventDate "2008.10.07"]
[EventType "swiss"]
[EventRounds "4"]
[EventCountry "CAN"]
[SourceTitle "EXT 2011"]
[Source "ChessBase"]
[SourceDate "2011.11.26"]
[SourceVersion "1"]
[SourceVersionDate "2011.11.26"]
[SourceQuality "1"]

1. e4 d6 2. d4 e5 3. dxe5 dxe5 4. Qxd8+ Kxd8 5. Bc4 Bc5 6. Bxf7 Nf6 7. Bg5 Ke7 8. Bd5 c6 9. Bb3 Nbd7 10. Nf3 h6 11. Nh4 Re8 12. Bxf6+ Nxf6 13. Nc3 Bb4 14. O-O Bxc3 15. bxc3 Kd8 16. Rad1+ Kc7 17. f3 Be6 18. Ng6 Bg8 19. Rd3 Bh7 20. Bf7 Bxg6 21. Bxg6 Re6 22. Bf5 Rd6 23. Rxd6 Kxd6 24. Rd1+ Kc5 25. Be6 a5 26. a3 Rb8 27. c4 Re8 28. Bf7 Re7 29. Bg6 Rd7 30. Rxd7 Nxd7 31. Bf5 Nf8 32. Bc8 b6 33. Ba6 Kd4 34. Bb7 c5 35. Bc6 Kc3 36. Bb5 Kxc2 37. g3 Ne6 38. Kf2 Kd3 39. Bc6 Nd4 40. f4 exf4 41. gxf4 Nxc6 42. e5 Kxc4 0-1

[Event "Winnipeg TNT October op"]
[Site "Winnipeg CAN"]
[Date "2008.10.28"]
[Round "4"]
[White "Green, Jim"]
[Black "Lauritson, Jim"]
[Result "0-1"]
[WhiteElo "1738"]
[BlackElo "1926"]
[PlyCount "73"]
[GameId "2160767910311389"]
[EventDate "2008.10.07"]
[EventType "swiss"]
[EventRounds "4"]
[EventCountry "CAN"]
[SourceTitle "EXT 2011"]
[Source "ChessBase"]
[SourceDate "2011.11.26"]
[SourceVersion "1"]
[SourceVersionDate "2011.11.26"]
[SourceQuality "1"]

1. e4 c5 2. Nf3 e6 3. c3 Nc6 4. Bb5 Qc7 5. O-O Nge7 6. d4 cxd4 7. cxd4 d5 8. e5 Bd7 9. Bxc6 Nxc6 10. a3 Be7 11. b4 O-O 12. Nbd2 Qb6 13. Nb3 a5 14. Nc5 Rfd8 15. Bg5 axb4 16. Bxe7 Nxe7 17. axb4 Bb5 18. Re1 Nc6 19. Qd2 Bc4 20. Reb1 Qb5 21. h3 h6 22. Kh2 Qb6 23. Ne1 Ra7 24. Rxa7 Nxa7 25. Nc2 Nc6 26. Ra1 Ba6 27. Ra3 Qb5 28. Rg3 Kh8 29. Ra3 Nb8 30. f4 b6 31. Nxa6 Nxa6 32. f5 exf5 33. Rf3 Qd7 34. Qf4 Rc8 35. Ne3 Rc3 36. Nxf5 Rxf3 37. Qxf3 0-1

[Event "Winnipeg TNT October op"]
[Site "Winnipeg CAN"]
[Date "2008.10.28"]
[Round "4"]
[White "Green, Leah"]
[Black "Swift, Ryne"]
[Result "0-1"]
[WhiteElo "1168"]
[BlackElo "1472"]
[PlyCount "106"]
[GameId "2160767910311390"]
[EventDate "2008.10.07"]
[EventType "swiss"]
[EventRounds "4"]
[EventCountry "CAN"]
[SourceTitle "EXT 2011"]
[Source "ChessBase"]
[SourceDate "2011.11.26"]
[SourceVersion "1"]
[SourceVersionDate "2011.11.26"]
[SourceQuality "1"]

1. e4 e5 2. Nf3 Nc6 3. d4 exd4 4. Nxd4 Bc5 5. Nb3 Bb6 6. Nc3 Nf6 7. Bg5 d6 8. Bb5 Bxf2+ 9. Kxf2 Ng4+ 10. Ke1 Qxg5 11. Nd5 Qd8 12. h3 Nge5 13. Rf1 a6 14. Bd3 Ne7 15. Nxe7 Qxe7 16. Nd4 d5 17. c3 Nxd3+ 18. Qxd3 Qxe4+ 19. Qxe4+ dxe4 20. Nf5 Bxf5 21. Rxf5 O-O 22. Rd1 Rad8 23. Rfd5 Rxd5 24. Rxd5 Rc8 25. Re5 Kf8 26. Rxe4 Re8 27. Re2 Rxe2+ 28. Kxe2 Ke7 29. g3 Ke6 30. b3 Ke5 31. Ke3 f5 32. a3 g5 33. Kf3 h5 34. Ke3 f4+ 35. gxf4+ gxf4+ 36. Kf3 h4 37. a4 a5 38. b4 b6 39. b5 Kf5 40. c4 Ke5 41. Kg4 Ke4 42. Kxh4 Ke3 43. Kg4 f3 44. h4 f2 45. h5 f1=Q 46. h6 Qxc4+ 47. Kg5 Qxa4 48. h7 Qxb5+ 49. Kf6 a4 50. Kf7 Qh5+ 51. Kg7 a3 52. h8=Q Qxh8+ 53. Kxh8 a2 0-1

[Event "Winnipeg TNT October op"]
[Site "Winnipeg CAN"]
[Date "2008.10.28"]
[Round "4"]
[White "Prince, Colin"]
[Black "Green, Aaron"]
[Result "1/2-1/2"]
[WhiteElo "1944"]
[BlackElo "1753"]
[PlyCount "56"]
[GameId "2160767910311391"]
[EventDate "2008.10.07"]
[EventType "swiss"]
[EventRounds "4"]
[EventCountry "CAN"]
[SourceTitle "EXT 2011"]
[Source "ChessBase"]
[SourceDate "2011.11.26"]
[SourceVersion "1"]
[SourceVersionDate "2011.11.26"]
[SourceQuality "1"]

1. e4 c5 2. Nf3 d6 3. Bc4 e6 4. d3 Be7 5. Be3 a6 6. a4 b6 7. Nbd2 Nf6 8. c3 O-O 9. O-O Bb7 10. Re1 d5 11. exd5 Nxd5 12. Nf1 Nd7 13. Ng3 N7f6 14. h3 Qc7 15. Bb3 Rfd8 16. Qe2 Bd6 17. Ne4 Nxe4 18. dxe4 Nf4 19. Bxf4 Bxf4 20. Bc2 Be5 21. Rad1 g6 22. h4 Bf6 23. h5 Rxd1 24. Rxd1 Rd8 25. Rxd8+ Qxd8 26. hxg6 hxg6 27. Bd3 a5 28. Nd2 Kg7 1/2-1/2